Anl̀isis de las repercusiones de la reforma local sobre la organizacin̤, competencias y servicios de las entidades locales

Bibliographic Details
Main Author: Garcia Rubio, Fernando
Format: eBook
Language:Spanish
Published: Espaą Instituto Nacional de Administracin̤ Pb︢lica (INAP) 2015
Subjects:
Online Access:Acceso restringido

MARC

LEADER 00000nam a22000007a 4500
005 20151202125129.0
007 cr|||| ||u|
008 151202s2015 sp |||||s||||s00||0 spa d
020 |a 978-84-7351-450-7 
035 |a 12943 
040 |a vLex 
090 |c 5702  |d 5702 
100 1 |a Garcia Rubio, Fernando  
245 1 0 |a Anl̀isis de las repercusiones de la reforma local sobre la organizacin̤, competencias y servicios de las entidades locales  |h [Recurso electrn̤ico] /  |c Fernando Garcia Rubio  
256 |a Servicio en ln̕ea 
260 |a Espaą  |b Instituto Nacional de Administracin̤ Pb︢lica (INAP)  |c 2015 
300 |a 1 recurso electrn̤ico (Primera edicin̤: julio 2015 615 pg̀inas) 
506 1 |a Contenido solo disponible en los productos indicados  |d vLex Global  |d vLex Global (Academic Edition, excluding Law Schools)  |d vLex Global (U.S. Academic Edition, Law Schools)  |d vLex Global (U.S. Academic Edition, excluding Law Schools)  |d vLex Global (Academic Edition, Law Schools) 
650 0 4 |a Asociaciones, instituciones, etc.  |z Espaą 
740 0 |a vLex libros (servicio en ln̕ea) 
856 4 0 |u http://vlex.com/source/analisis-repercusiones-reforma-local-organizacion-competencias-servicios-entidades-locales-12943  |z Acceso restringido 
942 |c BOOK 
999 0 |a Associations, institutions, etc.